[Event "Anapa Blitz op"]
[White "Onischenko, Leonid"]
[Black "Krepkiy, Igor"]
[Site "Anapa"]
[Round "3"]
[Result "0-1"]
[Date "2023.10.06"]
[WhiteElo "1776"]
[BlackElo "1582"]
[PlyCount "98"]
[EventDate "2023.10.06"]
[EventType "swiss (blitz)"]
[EventRounds "13"]
[EventCountry "RUS"]
[SourceTitle "CBM 216 Extra"]
[Source "ChessBase"]
[SourceDate "2023.11.30"]
[SourceVersion "1"]
[SourceVersionDate "2023.11.30"]
[SourceQuality "1"]

1. d4 Nf6 2. Nc3 d5 3. Bf4 c5 4. e3 e6 5. Nb5 Na6 6. Nf3 Ne4 7. c3 Bd7 8. a4 Be7 9. Nd2 Nxd2 10. Qxd2 0-0 11. Bd3 Bxb5 12. axb5 Nc7 13. 0-0 c4 14. Be2 Nxb5 15. b3 Rc8 16. bxc4 dxc4 17. Rfb1 a6 18. Bf3 Qd7 19. e4 f6 20. e5 fxe5 21. Bxe5 Bf6 22. Re1 Rce8 23. Bxf6 Rxf6 24. Re5 Ref8 25. Rae1 Nc7 26. Bxb7 Rxf2 27. Qg5 R2f5 28. Rxf5 Rxf5 29. Qg3 a5 30. Be4 Rf6 31. Rb1 Nd5 32. Qh3 Rh6 33. Rb8+ Kf7 34. Qf3+ Rf6 35. Qh5+ Ke7 36. Qxh7 Rf7 37. h3 Qc7 38. Qg8 Nf6 39. Qh8 Nxe4 40. Re8+ Kd6 41. Qh4 Nf6 42. Qf4+ Kc6 43. Rxe6+ Kb7 44. Qc1 Nd5 45. Qb2+ Kc8 46. Qb5 Ne7 47. Qa6+ Kd7 48. d5 Nxd5 49. Re4 Qb6+ 0-1

[Event "Dzhubga Blitz op"]
[White "Chudinov, Rodion"]
[Black "Onischenko, Leonid"]
[Site "Dzhubga"]
[Round "13"]
[Result "1-0"]
[Date "2023.08.13"]
[WhiteElo "1691"]
[BlackElo "1776"]
[PlyCount "94"]
[EventDate "2023.08.13"]
[EventType "swiss (blitz)"]
[EventRounds "13"]
[EventCountry "RUS"]
[SourceTitle "CBM 215 Extra"]
[Source "ChessBase"]
[SourceDate "2023.09.30"]
[SourceVersion "1"]
[SourceVersionDate "2023.09.30"]
[SourceQuality "1"]

1. e4 d5 2. exd5 Qxd5 3. Nc3 Qa5 4. d4 c6 5. Nf3 Bf5 6. Bc4 e6 7. Bd2 Nd7 8. 0-0 Qc7 9. Re1 Be7 10. h3 Ngf6 11. Bg5 0-0 12. Bd3 Bg6 13. Bh4 b5 14. a3 a5 15. Ne5 Rfe8 16. Nxg6 hxg6 17. Bg3 Bd6 18. Bxd6 Qxd6 19. Bf1 Rab8 20. Ne4 Nxe4 21. Rxe4 Nf6 22. Re3 Red8 23. Rd3 Rb7 24. c3 b4 25. axb4 axb4 26. Qf3 bxc3 27. bxc3 Rc7 28. c4 Qb4 29. Rdd1 Rcd7 30. Qxc6 Rxd4 31. Rdb1 Qe7 32. Rb7 R4d7 33. Raa7 Rxb7 34. Rxb7 Qa3 35. Qc7 Rf8 36. Be2 Ne4 37. Qf4 Nf6 38. Bf3 Rd8 39. Qc7 Rf8 40. c5 Qc1+ 41. Kh2 Nd5 42. Bxd5 exd5 43. Rb8 Rxb8 44. Qxb8+ Kh7 45. Qd6 Qc4 46. c6 d4 47. c7 d3 1-0

[Event "Dzhubga Blitz op"]
[White "Demidov, Mikhail"]
[Black "Onischenko, Leonid"]
[Site "Dzhubga"]
[Round "8"]
[Result "1-0"]
[Date "2023.08.13"]
[WhiteElo "2566"]
[BlackElo "1776"]
[PlyCount "73"]
[EventDate "2023.08.13"]
[EventType "swiss (blitz)"]
[EventRounds "13"]
[EventCountry "RUS"]
[SourceTitle "CBM 215 Extra"]
[Source "ChessBase"]
[SourceDate "2023.09.30"]
[SourceVersion "1"]
[SourceVersionDate "2023.09.30"]
[SourceQuality "1"]

1. Nf3 c5 2. e3 g6 3. d4 cxd4 4. exd4 Bg7 5. Be2 d5 6. 0-0 Nf6 7. c3 0-0 8. Bf4 Bg4 9. Ne5 Bxe2 10. Qxe2 Nc6 11. Nd3 e6 12. Nd2 Rc8 13. h3 Na5 14. Rfe1 Nc4 15. Nxc4 Rxc4 16. Be5 Nd7 17. Bxg7 Kxg7 18. Qf3 Qf6 19. Qg3 Rc6 20. Re3 b5 21. Rae1 a5 22. a3 Qd8 23. R1e2 Qc7 24. Qg5 h6 25. Qh4 g5 26. Qh5 Nf6 27. Qf3 Ne4 28. Re1 Ra6 29. Qe2 Qc4 30. h4 Raa8 31. Rh3 Rh8 32. f3 Nf6 33. Qd2 g4 34. fxg4 Nxg4 35. Rg3 h5 36. Ne5 Rag8 37. Nxc4 1-0

[Event "Dzhubga Blitz op"]
[White "Onischenko, Leonid"]
[Black "Khripachenko, Alexander"]
[Site "Dzhubga"]
[Round "3"]
[Result "1-0"]
[Date "2023.08.13"]
[WhiteElo "1776"]
[BlackElo "2158"]
[PlyCount "101"]
[EventDate "2023.08.13"]
[EventType "swiss (blitz)"]
[EventRounds "13"]
[EventCountry "RUS"]
[SourceTitle "CBM 215 Extra"]
[Source "ChessBase"]
[SourceDate "2023.09.30"]
[SourceVersion "1"]
[SourceVersionDate "2023.09.30"]
[SourceQuality "1"]

1. d4 d5 2. c4 e6 3. Nc3 Be7 4. Nf3 Nf6 5. cxd5 exd5 6. Bg5 c6 7. e3 Bf5 8. Ne5 Nbd7 9. Nxd7 Qxd7 10. Bd3 0-0 11. 0-0 Rfe8 12. Rb1 a5 13. Ne2 Bxd3 14. Qxd3 Ne4 15. Bxe7 Qxe7 16. Ng3 Nf6 17. a3 Nd7 18. b4 axb4 19. axb4 b5 20. Rfc1 Rec8 21. Qf5 Nb6 22. Rc5 Nc4 23. Re1 g6 24. Qg4 Qf6 25. h4 Re8 26. h5 Ra2 27. Rf1 Nd2 28. Qd7 Re6 29. h6 Qe7 30. Qxe7 Rxe7 31. Rxc6 f5 32. Rfc1 Nc4 33. Rc5 Rb2 34. Rxb5 Rd7 35. Ra1 Kf7 36. Ra8 Rc2 37. Rh8 Kf6 38. Rc5 Kg5 39. Nf1 Ra7 40. g4 Raa2 41. gxf5 Rxf2 42. fxg6 Kxg6 43. Rc6+ Kg5 44. Rg8+ Kh4 45. Re6 Rfe2 46. Re5 Nxe5 47. dxe5 Rab2 48. e6 d4 49. e7 Kh3 50. e8Q Rg2+ 51. Kh1 1-0

[Event "Dzhubga Blitz op"]
[White "Onischenko, Leonid"]
[Black "Ustinov, Alexey"]
[Site "Dzhubga"]
[Round "10"]
[Result "1-0"]
[Date "2023.08.13"]
[WhiteElo "1776"]
[BlackElo "2277"]
[PlyCount "55"]
[EventDate "2023.08.13"]
[EventType "swiss (blitz)"]
[EventRounds "13"]
[EventCountry "RUS"]
[SourceTitle "CBM 215 Extra"]
[Source "ChessBase"]
[SourceDate "2023.09.30"]
[SourceVersion "1"]
[SourceVersionDate "2023.09.30"]
[SourceQuality "1"]

1. e4 d5 2. exd5 Qxd5 3. Nc3 Qa5 4. Bc4 Nf6 5. Nf3 Bg4 6. h3 Bh5 7. d4 Nc6 8. Bd2 0-0-0 9. Nd5 Qa4 10. Bb3 Qa6 11. Nxf6 gxf6 12. c3 e5 13. d5 e4 14. g4 exf3 15. gxh5 Ne5 16. Be3 Nd3+ 17. Kd2 Nxb2 18. Qf1 Qa5 19. Kc2 Na4 20. Qc4 Nb6 21. Qg4+ Kb8 22. Qxf3 Nxd5 23. Rad1 Nxe3+ 24. Qxe3 Bc5 25. Qe2 Qb6 26. Rxd8+ Rxd8 27. Rd1 Rxd1 28. Qe8+ 1-0

[Event "Novorossiysk Small Land Blitz op"]
[White "Onischenko, Leonid"]
[Black "Afanasiev, Nikita"]
[Site "Novorossiysk"]
[Round "3"]
[Result "0-1"]
[Date "2023.07.29"]
[WhiteElo "1847"]
[BlackElo "2543"]
[PlyCount "80"]
[EventDate "2023.07.29"]
[EventType "swiss (blitz)"]
[EventRounds "13"]
[EventCountry "RUS"]
[SourceTitle "CBM 215 Extra"]
[Source "ChessBase"]
[SourceDate "2023.09.30"]
[SourceVersion "1"]
[SourceVersionDate "2023.09.30"]
[SourceQuality "1"]

1. d4 g6 2. Nf3 Bg7 3. Bf4 d6 4. Nc3 Nc6 5. Qd2 Nf6 6. e4 0-0 7. 0-0-0 a6 8. Bh6 b5 9. d5 Ne5 10. Nxe5 dxe5 11. Bxg7 Kxg7 12. Bd3 e6 13. h4 h5 14. Rhe1 Qd6 15. Qg5 b4 16. Nb1 exd5 17. exd5 Ng4 18. Re2 f5 19. Nd2 e4 20. Bc4 Ne5 21. Bb3 Nf7 22. Qe3 a5 23. Nc4 Qf6 24. a4 bxa3 25. Nxa3 Ba6 26. Red2 Rfb8 27. Qd4 Rb4 28. Qxf6+ Kxf6 29. g3 Nd6 30. Ba2 Rab8 31. c3 R4b6 32. c4 Nb7 33. Rc2 Nc5 34. Nb1 Rb4 35. Na3 Ke5 36. Rcd2 Nd3+ 37. Rxd3 exd3 38. Rxd3 Rxb2 39. Re3+ Kd4 40. Bb1 R2b3 0-1

[Event "Gelendzhik Rapid op"]
[White "Borisova, Ekaterina"]
[Black "Onischenko, Leonid"]
[Site "Gelendzhik"]
[Round "8"]
[Result "1-0"]
[Date "2023.05.28"]
[WhiteElo "2238"]
[BlackElo "1847"]
[PlyCount "163"]
[EventDate "2023.05.27"]
[EventType "swiss (rapid)"]
[EventRounds "11"]
[EventCountry "RUS"]
[SourceTitle "CBM 214 Extra"]
[Source "ChessBase"]
[SourceDate "2023.07.31"]
[SourceVersion "1"]
[SourceVersionDate "2023.07.31"]
[SourceQuality "1"]

1. Nf3 c5 2. g3 g6 3. Bg2 Bg7 4. 0-0 Nc6 5. c4 d6 6. Nc3 Bf5 7. b3 Qd7 8. Bb2 Bh3 9. Re1 h5 10. Bxh3 Qxh3 11. Ng5 Qd7 12. h4 Nh6 13. Kg2 0-0 14. e3 Nf5 15. a3 Ne5 16. d4 cxd4 17. exd4 Ng4 18. Nf3 e6 19. Qd3 a6 20. Rad1 Rac8 21. a4 Rfd8 22. Bc1 d5 23. c5 b6 24. b4 a5 25. cxb6 axb4 26. Nb5 Ra8 27. Bg5 Rdb8 28. Rc1 Qb7 29. Bf4 Rc8 30. Rxc8+ Rxc8 31. Bc7 Ra8 32. Qb3 Bf8 33. Ra1 Ra5 34. Qd3 Be7 35. Nd2 e5 36. Nb3 Ra8 37. a5 e4 38. Qe2 e3 39. f3 Nf2 40. Rf1 Qc8 41. Rxf2 exf2 42. Kxf2 Bf6 43. Kg2 Kh7 44. Nc5 Nxd4 45. Nxd4 Bxd4 46. b7 Qf8 47. bxa8Q Qxa8 48. Nb3 Bf6 49. Bb6 Qc6 50. Nd4 Qa4 51. Qc2 Qa1 52. Nb3 Qa4 53. Bf2 d4 54. Qd3 Qa3 55. Qc4 Kg8 56. a6 Qa2 57. Qd3 Qa3 58. Nc5 Qa2 59. Qb3 Qa5 60. Qc4 Qa3 61. Ne4 Bg7 62. Bxd4 Bxd4 63. Qxd4 b3 64. a7 b2 65. Nd2 Kh7 66. a8Q Qxa8 67. Qxb2 Qa6 68. Ne4 f5 69. Ng5+ Kg8 70. Qb8+ Kg7 71. Qc7+ Kf6 72. Nh7+ Ke6 73. Nf8+ Kd5 74. Qd7+ Ke5 75. Qe7+ Kd5 76. Nd7 Qa2+ 77. Kh3 Qb1 78. Nf6+ Kd4 79. Qd6+ Ke3 80. Nd5+ Kf2 81. Qb6+ Kf1 82. Qxb1+ 1-0

[Event "Gelendzhik Rapid op"]
[White "Onischenko, Leonid"]
[Black "Kovanova, Baira"]
[Site "Gelendzhik"]
[Round "4"]
[Result "0-1"]
[Date "2023.05.28"]
[WhiteElo "1847"]
[BlackElo "2304"]
[PlyCount "94"]
[EventDate "2023.05.27"]
[EventType "swiss (rapid)"]
[EventRounds "11"]
[EventCountry "RUS"]
[SourceTitle "CBM 214 Extra"]
[Source "ChessBase"]
[SourceDate "2023.07.31"]
[SourceVersion "1"]
[SourceVersionDate "2023.07.31"]
[SourceQuality "1"]

1. d4 Nf6 2. Nf3 c5 3. e3 d5 4. b3 e6 5. Bb2 cxd4 6. exd4 Bb4+ 7. c3 Bd6 8. Nbd2 0-0 9. Bd3 Nc6 10. 0-0 Nh5 11. Rc1 Nf4 12. Bb1 Re8 13. Re1 Qf6 14. Nf1 e5 15. dxe5 Nxe5 16. Nxe5 Bxe5 17. c4 Qg5 18. Ng3 Bg4 19. Qc2 g6 20. Bxe5 Rxe5 21. cxd5 Rxe1+ 22. Rxe1 Bf5 23. Qb2 Bxb1 24. Qxb1 h5 25. h4 Qxh4 26. Qe4 Qg4 27. d6 h4 28. Qxb7 Rd8 29. Qc7 hxg3 30. Qxd8+ Kg7 31. Qe7 gxf2+ 32. Kxf2 Qxg2+ 33. Ke3 Nd5+ 34. Kd4 Qd2+ 35. Kc5 Nxe7 36. Rxe7 Kf6 37. Kc6 Qc3+ 38. Kb7 Qb4+ 39. Kc7 Qc5+ 40. Kd7 g5 41. Re8 g4 42. Rc8 Qf5+ 43. Kc7 Qa5+ 44. Kd7 g3 45. Rg8 Qb5+ 46. Kc7 Qb6+ 47. Kd7 Qb7+ 0-1

[Event "RUS-ch Blitz"]
[White "Petrov, Nikita"]
[Black "Onischenko, Leonid"]
[Site "Sochi"]
[Round "1"]
[Result "1-0"]
[Date "2022.10.14"]
[WhiteElo "2553"]
[BlackElo "1938"]
[PlyCount "75"]
[EventDate "2022.10.14"]
[EventType "swiss (blitz)"]
[EventRounds "13"]
[EventCountry "RUS"]
[SourceTitle "CBM 210 Extra"]
[Source "ChessBase"]
[SourceDate "2022.11.30"]
[SourceVersion "1"]
[SourceVersionDate "2022.11.30"]
[SourceQuality "1"]

1. e4 c5 2. Nf3 g6 3. c3 Bg7 4. d4 cxd4 5. cxd4 d5 6. e5 Nc6 7. Bb5 Bg4 8. 0-0 e6 9. Bxc6+ bxc6 10. Nbd2 Ne7 11. h3 Bxf3 12. Nxf3 0-0 13. b3 a5 14. Ba3 Re8 15. Rc1 a4 16. bxa4 Ra6 17. Bb4 Bf8 18. a3 Qd7 19. a5 Rb8 20. Qd3 Raa8 21. Rb1 Nc8 22. Qd2 Bg7 23. Rfc1 Na7 24. h4 h5 25. Qf4 Nb5 26. Rb2 Bf8 27. Bxf8 Rxf8 28. Qh6 f6 29. Qxg6+ Qg7 30. Qxg7+ Kxg7 31. Rxc6 Nxa3 32. Rb7+ Rf7 33. exf6+ Kxf6 34. Rxf7+ Kxf7 35. Ng5+ Kf6 36. Rxe6+ Kf5 37. Re5+ Kf4 38. g3+ 1-0

[Event "Novorossiysk Small Land Blitz"]
[White "Khruschiov, Alexey"]
[Black "Onischenko, Leonid"]
[Site "Novorossiysk"]
[Round "4"]
[Result "1-0"]
[Date "2022.07.17"]
[WhiteElo "2343"]
[BlackElo "1934"]
[PlyCount "61"]
[EventDate "2022.07.17"]
[EventType "swiss (blitz)"]
[EventRounds "13"]
[EventCountry "RUS"]
[SourceTitle "CBM 209 Extra"]
[Source "ChessBase"]
[SourceDate "2022.09.30"]
[SourceVersion "1"]
[SourceVersionDate "2022.09.30"]
[SourceQuality "1"]

1. e4 d5 2. d3 c6 3. f4 g6 4. Nf3 Bg7 5. e5 Bg4 6. Nbd2 e6 7. h3 Bxf3 8. Nxf3 Nd7 9. d4 Ne7 10. Be3 Qb6 11. b3 a5 12. Bd3 c5 13. 0-0 cxd4 14. Nxd4 Qd8 15. Nb5 0-0 16. Qe2 a4 17. c4 axb3 18. axb3 dxc4 19. bxc4 b6 20. Rad1 Qc8 21. Nd6 Qc7 22. Ne4 Nc5 23. Nxc5 bxc5 24. Qf2 Rfc8 25. Rb1 Nf5 26. Bxf5 gxf5 27. Rb5 Ra5 28. Rfb1 Rxb5 29. Rxb5 Bf8 30. Qf3 Qc6 31. Kf2 1-0

[Event "Tuapse Rapid op"]
[White "Lugovskoy, Maxim"]
[Black "Onischenko, Leonid"]
[Site "Tuapse"]
[Round "7"]
[Result "1-0"]
[Date "2022.06.27"]
[WhiteElo "2397"]
[BlackElo "1934"]
[PlyCount "52"]
[EventDate "2022.06.26"]
[EventType "swiss (rapid)"]
[EventRounds "11"]
[EventCountry "RUS"]
[SourceTitle "CBM 209 Extra"]
[Source "ChessBase"]
[SourceDate "2022.09.30"]
[SourceVersion "1"]
[SourceVersionDate "2022.09.30"]
[SourceQuality "1"]

1. e4 d5 2. exd5 Qxd5 3. Nc3 Qa5 4. d4 c6 5. Be2 Nf6 6. Nf3 Bf5 7. 0-0 e6 8. Bf4 Nbd7 9. Ne5 Nxe5 10. Bxe5 Be7 11. Bf3 h5 12. a3 Bg4 13. b4 Qd8 14. b5 Nd5 15. Nxd5 cxd5 16. Bxg4 hxg4 17. Qxg4 Bf6 18. Rfe1 Qe7 19. c4 Rh4 20. Qg3 Bxe5 21. Rxe5 Rxd4 22. cxd5 Rxd5 23. Rxd5 exd5 24. Qxg7 0-0-0 25. Qd4 Qxa3 26. g3 Re8 1-0

[Event "RUS-ch Rapid"]
[White "Iljiushenok, Ilia"]
[Black "Onischenko, Leonid"]
[Site "Sochi"]
[Round "1"]
[Result "1-0"]
[Date "2021.10.12"]
[WhiteElo "2554"]
[BlackElo "1946"]
[PlyCount "107"]
[EventDate "2021.10.12"]
[EventType "swiss (rapid)"]
[EventRounds "11"]
[EventCountry "RUS"]
[SourceTitle "CBM 204 Extra"]
[Source "ChessBase"]
[SourceDate "2021.11.30"]
[SourceVersion "1"]
[SourceVersionDate "2021.11.30"]
[SourceQuality "1"]

1. e4 d5 2. exd5 Qxd5 3. Nc3 Qa5 4. d4 c6 5. Bc4 Bf5 6. Nf3 Nf6 7. Bd2 Qc7 8. Bb3 e6 9. Qe2 Nbd7 10. Nh4 Bg6 11. Nxg6 hxg6 12. g3 a5 13. a3 Bd6 14. h4 0-0 15. 0-0 Rfd8 16. Rad1 b5 17. Rfe1 b4 18. axb4 axb4 19. Ne4 Nxe4 20. Qxe4 Nf6 21. Qf3 Ra5 22. Bg5 Rda8 23. Re2 Rf5 24. Qg2 Nd5 25. Rde1 Qa7 26. Qe4 Qc7 27. Bd2 Re8 28. Qg2 Nf6 29. c4 bxc3 30. bxc3 Rb8 31. Bc2 Ra5 32. Bg5 Rb2 33. Qf3 Be7 34. Bf4 Bd6 35. Bc1 Rb8 36. Bg5 Be7 37. c4 Ra3 38. Re3 Rba8 39. Kg2 Bb4 40. R1e2 Rxe3 41. Rxe3 Ra2 42. Bb3 Rb2 43. Bxf6 gxf6 44. Qxf6 Be7 45. Qf3 Kg7 46. h5 gxh5 47. Qxh5 Qb7 48. Rf3 Bd6 49. Qg5+ Kh7 50. Ba4 f5 51. c5 Bf8 52. Qf6 Qc8 53. Rf4 Bg7 54. Qf7 1-0

[Event "Malaya Zemlya op"]
[White "Onischenko, Leonid"]
[Black "Potapova, Margarita"]
[Site "Novorossiysk"]
[Round "2"]
[Result "0-1"]
[Date "2021.07.13"]
[WhiteElo "1927"]
[BlackElo "2260"]
[PlyCount "96"]
[EventDate "2021.07.12"]
[EventType "swiss"]
[EventRounds "9"]
[EventCountry "RUS"]
[SourceTitle "CBM 203 Extra"]
[Source "ChessBase"]
[SourceDate "2021.09.30"]
[SourceVersion "1"]
[SourceVersionDate "2021.09.30"]
[SourceQuality "1"]

1. e4 c5 2. Nf3 d6 3. c4 Nc6 4. d4 cxd4 5. Nxd4 Nf6 6. Nc3 g6 7. Be2 Bg7 8. Be3 0-0 9. 0-0 Nxd4 10. Bxd4 Bd7 11. Qd2 Bc6 12. f3 Nd7 13. Be3 a5 14. b3 Nc5 15. Rab1 e6 16. Rfc1 Qe7 17. Rc2 f5 18. exf5 gxf5 19. Rd1 Rad8 20. Bf4 Be5 21. Bxe5 dxe5 22. Qe3 e4 23. fxe4 Nxe4 24. Nxe4 Bxe4 25. Rcd2 Qg7 26. Bf1 Rxd2 27. Rxd2 Re8 28. Rd6 Qe5 29. Rd7 f4 30. Qh3 Qc5+ 31. Kh1 Qg5 32. Qc3 Bc6 33. Rd1 Rf8 34. Qd2 e5 35. c5 Qg7 36. Qxa5 f3 37. Qd2 f2 38. Qd3 Kh8 39. Qh3 Qg5 40. b4 Be4 41. b5 Bc2 42. Ra1 Qd2 43. Qa3 Be4 44. Qg3 Qd4 45. Rc1 Rg8 46. Qh3 Qd2 47. Qc3 Qxc3 48. Rxc3 Rxg2 0-1

[Event "Malaya Zemlya Blitz op"]
[White "Gochelashvili, David"]
[Black "Onischenko, Leonid"]
[Site "Novorossiysk"]
[Round "3"]
[Result "1-0"]
[Date "2021.07.09"]
[WhiteElo "2416"]
[BlackElo "1927"]
[PlyCount "124"]
[EventDate "2021.07.09"]
[EventType "swiss (blitz)"]
[EventRounds "13"]
[EventCountry "RUS"]
[SourceTitle "CBM 203 Extra"]
[Source "ChessBase"]
[SourceDate "2021.09.30"]
[SourceVersion "1"]
[SourceVersionDate "2021.09.30"]
[SourceQuality "1"]

1. e4 d5 2. exd5 Qxd5 3. d4 Qa5+ 4. c3 c6 5. Bd3 Nf6 6. Nd2 Bg4 7. Qb3 Qb6 8. Nc4 Qxb3 9. axb3 Nbd7 10. f4 e6 11. b4 Be7 12. Kf2 0-0 13. h3 Bh5 14. Nf3 Bg6 15. Bxg6 hxg6 16. Re1 Rfd8 17. g4 Nb6 18. Na5 Rab8 19. f5 gxf5 20. gxf5 Re8 21. Bf4 Ra8 22. fxe6 Nfd5 23. exf7+ Kxf7 24. Bg3 Bf6 25. Nxb7 Nc4 26. Nd6+ Nxd6 27. Bxd6 Rh8 28. Kg2 Rh6 29. Ne5+ Bxe5 30. Bxe5 a6 31. Rf1+ Kg8 32. Rf3 Nb6 33. Rg3 Ra7 34. Bb8 Rb7 35. Bf4 Rf6 36. Be5 Re6 37. Rxa6 Nc4 38. b3 Nxe5 39. dxe5 Rxe5 40. Rxc6 Re2+ 41. Kf3 Rb2 42. Ke4 Rxb3 43. Rd3 Kh7 44. Rcd6 Rb1 45. Kd5 Rc1 46. Kc5 Rc7+ 47. Rc6 Rf7 48. b5 Rb1 49. c4 Rc1 50. h4 Rf4 51. Rd4 Rf5+ 52. Kb6 Rb1 53. Kc7 Rb4 54. b6 Rf1 55. Rd5 Rf4 56. Rh5+ Kg8 57. Rb5 Rbxc4 58. Rxc4 Rxc4+ 59. Kd6 Rd4+ 60. Ke6 Rd8 61. b7 Rb8 62. Kd7 Rf8 1-0

[Event "RUS-ch rapid"]
[White "Golubov, Saveliy"]
[Black "Onischenko, Leonid"]
[Site "Sochi"]
[Round "1"]
[Result "1-0"]
[Date "2019.10.15"]
[WhiteElo "2469"]
[BlackElo "1962"]
[PlyCount "55"]
[EventDate "2019.10.15"]
[EventType "swiss"]
[EventRounds "11"]
[EventCountry "RUS"]
[SourceTitle "CBM 192 Extra"]
[Source "Chessbase"]
[SourceDate "2019.11.06"]
[SourceVersion "1"]
[SourceVersionDate "2019.11.06"]
[SourceQuality "1"]

1. d4 Nf6 2. Nf3 d5 3. c4 e6 4. Nc3 dxc4 5. e4 a6 6. Bxc4 b5 7. Bd3 Bb7 8. Qe2 Be7 9. 0-0 h6 10. Bf4 Nbd7 11. Rfd1 Nh5 12. Be3 Nhf6 13. a3 0-0 14. h3 c5 15. dxc5 Bxc5 16. Bxb5 Bxe3 17. Bxd7 Ba7 18. Bxe6 Qe7 19. Bd5 Nxd5 20. Nxd5 Bxd5 21. Rxd5 Rfe8 22. e5 Rac8 23. Rad1 Qb7 24. b4 Bb8 25. Qd3 Qc6 26. Qf5 Qc4 27. Qb1 Qf4 28. R5d4 1-0

[Event "South FR-ch"]
[White "Onischenko, Leonid"]
[Black "Kvasov, Alexey"]
[Site "Maikop"]
[Round "7"]
[Result "1-0"]
[Date "2018.03.30"]
[WhiteElo "1862"]
[BlackElo "1979"]
[PlyCount "175"]
[EventDate "2018.03.24"]
[EventType "swiss"]
[EventRounds "9"]
[EventCountry "RUS"]
[SourceTitle "EXT 2019"]
[Source "ChessBase"]
[SourceDate "2018.10.10"]
[SourceVersion "1"]
[SourceVersionDate "2018.10.10"]
[SourceQuality "1"]

1. d4 e6 2. Nf3 Nf6 3. Bf4 b6 4. g3 Bb7 5. Bg2 Be7 6. 0-0 0-0 7. c4 d5 8. Ne5 Nbd7 9. Nc3 c6 10. b3 Nh5 11. Nxd7 Qxd7 12. Bc1 g6 13. Bb2 f5 14. e3 Rad8 15. Re1 Nf6 16. Rc1 dxc4 17. bxc4 c5 18. Qb3 Bxg2 19. Kxg2 cxd4 20. exd4 Qc6+ 21. d5 exd5 22. Nxd5 Bc5 23. Qc3 Rxd5 24. cxd5 Qxd5+ 25. Kg1 h5 26. Re5 Qc6 27. Rce1 Rc8 28. Rxc5 bxc5 29. Qxf6 Qxf6 30. Bxf6 Kf7 31. Be5 c4 32. f4 Ke6 33. Kf2 Kd5 34. Ke3 Rc6 35. Rb1 Ra6 36. Rb5+ Kc6 37. Rb2 Kd5 38. Rd2+ Kc5 39. Bd4+ Kc6 40. Ke2 h4 41. Kf2 Ra3 42. gxh4 a6 43. Be5 Kb5 44. Ke2 Rh3 45. Kd1 Ra3 46. Kc1 Rh3 47. Kb2 Rxh4 48. Kc3 Rh3+ 49. Kd4 c3 50. Rc2 Kb4 51. Bd6+ Kb5 52. Rxc3 Rxh2 53. a3 Rg2 54. Ke5 g5 55. Kxf5 gxf4 56. Bxf4 Re2 57. Be5 Re1 58. Ke6 Kb6 59. Kd5 Rd1+ 60. Bd4+ Kb7 61. Rh3 Rc1 62. Bc5 Rd1+ 63. Kc4 Rc1+ 64. Kb4 Rb1+ 65. Ka4 Rb5 66. Bb4 Rf5 67. Kb3 Rf4 68. Rh7+ Kb6 69. a4 Rg4 70. a5+ Kc6 71. Ra7 Rg8 72. Rxa6+ Kb7 73. Re6 Rh8 74. Kc4 Rg8 75. Kb5 Ka8 76. Kc6 Rc8+ 77. Kd7 Rg8 78. Kc7 Rg7+ 79. Be7 Ka7 80. Kc6 Rg8 81. Rf6 Rc8+ 82. Kd7 Rg8 83. Bf8 Rg5 84. Kc6 Rg8 85. Kc7 Rg5 86. Rc6 Rxa5 87. Bc5+ Ka8 88. Kb6 1-0

[Event "South FR-ch"]
[White "Kadilin, Alexander"]
[Black "Onischenko, Leonid"]
[Site "Maikop"]
[Round "6"]
[Result "1-0"]
[Date "2018.03.29"]
[WhiteElo "2059"]
[BlackElo "1862"]
[PlyCount "85"]
[EventDate "2018.03.24"]
[EventType "swiss"]
[EventRounds "9"]
[EventCountry "RUS"]
[SourceTitle "EXT 2019"]
[Source "ChessBase"]
[SourceDate "2018.10.10"]
[SourceVersion "1"]
[SourceVersionDate "2018.10.10"]
[SourceQuality "1"]

1. d4 e6 2. e4 b6 3. Bd3 Bb7 4. Nd2 c5 5. c3 d5 6. e5 Nc6 7. Ngf3 cxd4 8. cxd4 Nb4 9. Bb5+ Bc6 10. Be2 a5 11. a3 Na6 12. b3 Nc7 13. Qc2 Qd7 14. 0-0 Bb5 15. Bxb5 Nxb5 16. Bb2 Be7 17. Rfc1 Bd8 18. Qd3 Ne7 19. Rc2 0-0 20. Rac1 Ng6 21. a4 Nc7 22. Ba3 Re8 23. Nb1 Na6 24. Qb5 Qxb5 25. axb5 Nb4 26. Rc8 Be7 27. Rxe8+ Rxe8 28. g3 h6 29. Rc7 Rb8 30. Nc3 Bd8 31. Ra7 Ne7 32. Bxb4 axb4 33. Na2 Nc8 34. Ra4 Be7 35. Ne1 Kf8 36. Nd3 f6 37. Naxb4 Bxb4 38. Nxb4 fxe5 39. Nc6 Rb7 40. Ra8 Rc7 41. dxe5 Kf7 42. Rb8 Kg6 43. Rxc8 1-0

[Event "South FR-ch"]
[White "Onischenko, Leonid"]
[Black "Pushkov, Nikolai"]
[Site "Maikop"]
[Round "2"]
[Result "0-1"]
[Date "2018.03.25"]
[WhiteElo "1862"]
[BlackElo "2304"]
[PlyCount "102"]
[EventDate "2018.03.24"]
[EventType "swiss"]
[EventRounds "9"]
[EventCountry "RUS"]
[SourceTitle "EXT 2019"]
[Source "ChessBase"]
[SourceDate "2018.10.10"]
[SourceVersion "1"]
[SourceVersionDate "2018.10.10"]
[SourceQuality "1"]

1. d4 Nf6 2. Nc3 d5 3. Bf4 e6 4. a3 Be7 5. e3 0-0 6. Nf3 b6 7. Bd3 Bb7 8. 0-0 Nbd7 9. Ne2 Ne4 10. Ne5 f6 11. Nxd7 Qxd7 12. f3 Nd6 13. c3 g5 14. Bg3 Nf5 15. Bf2 Bd6 16. e4 Ng7 17. Qc2 f5 18. c4 dxc4 19. Bxc4 Kh8 20. Rac1 fxe4 21. fxe4 Rac8 22. Be3 c5 23. Qd2 cxd4 24. Qxd4 Qe7 25. b4 Rcd8 26. Qb2 Bxe4 27. Ng3 Bg6 28. Rfe1 Bf4 29. Bxf4 gxf4 30. Rxe6 Qd7 31. Ne4 Qd4+ 32. Qxd4 Rxd4 33. Rxg6 hxg6 34. Ng5 Nf5 35. Bb3 Re8 36. Rc7 Re7 37. Rc8+ Kg7 38. Ne6+ Kf6 39. Nxd4 Nxd4 40. Bd5 Re5 41. Bg8 Re1+ 42. Kf2 Re2+ 43. Kf1 Rc2 44. Ra8 Nf5 45. Rxa7 Ne3+ 46. Ke1 Nxg2+ 47. Kf1 Ne3+ 48. Ke1 Rxh2 49. Rb7 Ke5 50. Bf7 f3 51. Re7+ Kf4 0-1